000 00584nam a2200217Ia 4500
003 OSt
005 20220928144752.0
006 a|||||r|||| 00| 0
007 ta
008 220927b |||||||| |||| 00| 0 eng d
024 _a76011
037 _cTextual
040 _aSDCL
_cSDCL
_beng
041 _2eng
_aeng
082 _aX:8:(S:44), M7
100 _aChakraborty S K
_9449040
245 0 _aManagerial effectiveness and quality of worklife
_b Indian insights.
260 _c1987
942 _hX:8:(S:44), M7
_cTEXL
_2CC
999 _c829628
_d829628